Struggle in the countryside: politics and rural labour in Chile, 1919-1973

Kaydedildi:
Detaylı Bibliyografya
Yazar: Loveman, Brian (autor)
Materyal Türü: Kitap
Dil:İngilizce
Baskı/Yayın Bilgisi: Bloomington Indiana University Press 1976
Seri Bilgileri:Studies in Development, 10
Konular:
Etiketler: Etiketle
Etiket eklenmemiş, İlk siz ekleyin!

MARC

LEADER 00000nam a2200000 a 4500
001 UCP7676
003 CL-VaPUC
008 991217e19760000US |||||||||||||||||eng|d
082 0 4 |a 333.1  |b LOV  |2 21 
100 |a Loveman, Brian  |e autor  |9 576386 
245 1 0 |a Struggle in the countryside: politics and rural labour in Chile, 1919-1973 
300 |a 439 p 
942 |c BK 
945 |d 19991217 00:00:00  |a crobeson 
260 |a Bloomington  |b Indiana University Press  |c 1976 
650 7 |a TENENCIA DE LA TIERRA  |2 CL-VaPUC  |9 264417 
650 0 |a REFORMA AGRARIA  |9 256789 
650 7 |a CAMPESINOS  |2 CL-VaPUC  |9 315355 
650 7 |a TENENCIA AGRICOLA  |2 CL-VaPUC  |9 437254 
650 0 |a Tierras agrícolas   |9 404463 
650 0 |a Desarrollo económico y social   |9 256320 
650 7 |a SECTOR AGRICOLA  |2 CL-VaPUC  |9 357761 
651 7 |a CHILE  |2 CL-VaPUC  |9 437255 
583 |a last modification  |c 19991217 00:00:00  |k Rodrigo Vera 
490 0 |a Studies in Development, 10 
999 |c 284793  |d 284791 
952 |0 0  |1 0  |4 0  |6 333_100000000000000_LOV_1976  |7 0  |8 A  |9 329026  |a BIBHIS  |b BIBHIS  |d 2019-11-20  |i 1373633  |o 333.1 LOV 1976  |p 1373633  |r 2025-01-20  |w 2019-11-20  |y BK  |k HIS